[Event "It (cat.16)"]
[Site "it (cat.16)"]
[Date "1991.??.??"]
[Round "?"]
[White "Kasparov, Gary"]
[Black "Gurevich, Mikhail N"]
[Result "1/2-1/2"]
[WhiteElo "2800"]
[BlackElo "2650"]
[PlyCount "20"]
[EventDate "1991.??.??"]
[Source "www.chesslib.no"]
[SourceDate "2004.05.04"]

1. c4 f5 2. d4 Nf6 3. g3 d6 4. Bg2 g6 5. Nc3 Bg7 6. d5 O-O 7. Nh3 c6 8. Nf4 e5 9. dxe6 Qe7 10. O-O Bxe6 1/2-1/2

[Event "Active"]
[Site "Active London"]
[Date "1989.??.??"]
[Round "?"]
[White "Kasparov, Gary"]
[Black "Speelman, Jonathan S"]
[Result "0-1"]
[WhiteElo "2775"]
[BlackElo "2640"]
[PlyCount "94"]
[EventDate "1989.??.??"]
[Source "www.chesslib.no"]
[SourceDate "2004.05.04"]

1. d4 f5 2. g3 Nf6 3. Bg2 g6 4. Nh3 Bg7 5. c4 d6 6. d5 O-O 7. Nc3 c6 8. Nf4 Bd7 9. h4 Bh8 10. e4 Na6 11. h5 g5 12. Ne6 Bxe6 13. dxe6 Nxe4 14. Bxe4 Bxc3+ 15. bxc3 fxe4 16. Bxg5 Nc5 17. Be3 Nd3+ 18. Kf1 Rf3 19. Rh4 Rxe3 20. Qg4+ Kh8 21. h6 Qf8 22. Qg7+ Qxg7 23. hxg7+ Kxg7 24. fxe3 Rf8+ 25. Kg1 Rf3 26. Rf1 Rxg3+ 27. Kh2 Rf3 28. Rg1+ Kf6 29. Rh6+ Kf5 30. Rxh7 Kxe6 31. Rgg7 Ne5 32. Rxe7+ Kf6 33. Rxb7 Rxe3 34. Rh6+ Kg5 35. Rxd6 Rxc3 36. Rb3 Rc2+ 37. Kg3 Rxa2 38. Rd4 Kf5 39. Re3 Ng4 40. Rexe4 Ra3+ 41. Kh4 Nf2 42. Rf4+ Ke5 43. c5 Rh3+ 44. Kg5 Re3 45. Ra4 Nh3+ 46. Kg4 Nxf4 47. Rxa7 Ne6 0-1

[Event "Elenite"]
[Site "Elenite"]
[Date "1994.??.??"]
[Round "1"]
[White "Epishin, Vladimir"]
[Black "Gurevich, Mikhail"]
[Result "1-0"]
[WhiteElo "2650"]
[BlackElo "2620"]
[PlyCount "63"]
[EventDate "1994.??.??"]
[Source "ChessBase"]

1. d4 d6 2. c4 f5 3. g3 Nf6 4. Bg2 g6 5. Nh3 Bg7 6. Nc3 O-O 7. Bg5 c6 8. Qd2 e5 9. d5 c5 10. e4 Nbd7 11. exf5 gxf5 12. O-O Qe7 13. Rae1 Qf7 14. Bh6 Nb6 15. Bxg7 Qxg7 16. f4 e4 17. b3 Bd7 18. Nf2 Nc8 19. Kh1 Ne7 20. Rg1 Rae8 21. Ncd1 Kh8 22. Ne3 a6 23. Bf1 Rb8 24. Be2 Rfc8 25. g4 fxg4 26. Nexg4 Bf5 27. Ne3 Qf7 28. Qc3 h6 29. Bg4 Bxg4 30. Nexg4 Neg8 31. Nxe4 Rf8 32. Nexf6 1-0

[Event "Lyon-Clichy"]
[Site "?"]
[Date "1993.??.??"]
[Round "1"]
[White "Lautier, Joel"]
[Black "Gurevich, Dmitry B"]
[Result "1/2-1/2"]
[WhiteElo "2645"]
[BlackElo "2575"]
[PlyCount "159"]
[EventDate "1993.??.??"]
[Source "www.chesslib.no"]
[SourceDate "2004.05.04"]

1. d4 f5 2. g3 Nf6 3. Bg2 g6 4. c4 Bg7 5. Nc3 O-O 6. Nh3 d6 7. d5 Nbd7 8. O-O Ne5 9. b3 c5 10. Qc2 a6 11. a4 b6 12. Bd2 Rb8 13. Rae1 Bd7 14. Ng5 Ne8 15. f4 Nf7 16. Ne6 Bxe6 17. dxe6 Nh6 18. e4 Nc7 19. Qd3 b5 20. axb5 axb5 21. cxb5 Bxc3 22. Bxc3 Nxb5 23. Ba1 Qb6 24. Kh1 Nd4 25. Rb1 Qb5 26. Qd2 Qe2 27. Qxe2 Nxe2 28. e5 dxe5 29. Bxe5 Rb4 30. Rfe1 Nd4 31. h3 Rd8 32. Red1 Kf8 33. Rbc1 Nxe6 34. Rxd8+ Nxd8 35. Rxc5 Rxb3 36. Rc8 Nhf7 37. Bd5 Rd3 38. Bc4 Rd7 39. Kg2 Nxe5 40. fxe5 Kg7 41. g4 fxg4 42. hxg4 Kh6 43. Kg3 Rd4 44. Rc5 e6 45. Rc7 Kg5 46. Be2 Rd5 47. Rxh7 Nc6 48. Rc7 Nxe5 49. Bc4 Rd6 50. Rc5 Kf6 51. Be2 Rd4 52. Rc3 Re4 53. Bf3 Re1 54. Kf2 Rb1 55. Kg3 Rb4 56. Re3 Rd4 57. Be2 Nf7 58. Rf3+ Ke7 59. Re3 Nh6 60. Bf3 Nf7 61. Be4 Ne5 62. g5 Rd1 63. Re2 Kd6 64. Ra2 Rg1+ 65. Rg2 Re1 66. Kf4 Rf1+ 67. Ke3 Rf8 68. Rg1 Ke7 69. Rg2 Rf1 70. Ke2 Rf4 71. Ke3 Rh4 72. Ra2 Nf7 73. Ra7+ Kf8 74. Bxg6 Nxg5 75. Rb7 Rh6 76. Bb1 Nf7 77. Ba2 Ke8 78. Ra7 Nd6 79. Kf4 Nf7 80. Ke4 1/2-1/2

[Event "Campionato europeo 2007"]
[Site "Dresda GER"]
[Date "2007.04.05"]
[Round "3"]
[White "Hracek, Zbynek"]
[Black "Werle, Jan"]
[Result "1/2-1/2"]
[WhiteElo "2613"]
[BlackElo "2556"]
[PlyCount "58"]
[EventDate "2007.04.03"]
[Source "www.chesslib.no"]
[SourceDate "2004.05.04"]

1. d4 f5 2. g3 Nf6 3. Bg2 g6 4. Nh3 Bg7 5. Nf4 d6 6. d5 c6 7. c4 O-O 8. Nc3 e5 9. dxe6 Na6 10. h4 Nc5 11. h5 gxh5 12. e3 Qe7 13. Nce2 Nxe6 14. b3 a5 15. Bb2 a4 16. Rb1 axb3 17. axb3 Ra2 18. Nd3 f4 19. gxf4 Nc5 20. Ndc1 Ra8 21. Qc2 Bg4 22. Ng3 Qf7 23. Nf5 Bxf5 24. Qxf5 Qg6 25. Qxg6 hxg6 26. Rg1 Kf7 27. Bxf6 Bxf6 28. b4 Na4 29. Ne2 Nc3 1/2-1/2

[Event "15th ECC Final, Bugojno BIH"]
[Site "?"]
[Date "1999.??.??"]
[Round "2"]
[White "Damljanovic, B."]
[Black "Kobalija, M."]
[Result "1-0"]
[WhiteElo "2550"]
[BlackElo "2570"]
[PlyCount "83"]
[EventDate "1999.??.??"]
[Source "www.chesslib.no"]
[SourceDate "2004.05.04"]

1. c4 f5 2. g3 Nf6 3. Bg2 g6 4. Nc3 Bg7 5. d4 O-O 6. e3 d6 7. Nge2 c6 8. b3 e5 9. O-O e4 10. d5 c5 11. Qc2 Nbd7 12. f3 exf3 13. Bxf3 Ne5 14. Bg2 g5 15. Bd2 Bd7 16. h3 Qe8 17. Rae1 Qg6 18. a4 Ne4 19. Bc1 Rae8 20. Bb2 a6 21. Nxe4 fxe4 22. Bxe5 Bxe5 23. Bxe4 Qh5 24. Bf5 Bxf5 25. Rxf5 Qxh3 26. Rxg5+ Kh8 27. Nf4 Qd7 28. Qh2 Bxf4 29. gxf4 Rf6 30. Kf2 Qf7 31. Reg1 Qe7 32. Qg3 Rg6 33. Rxg6 hxg6 34. f5 Qh7 35. Qxg6 Qh2+ 36. Rg2 Qh4+ 37. Qg3 Qxg3+ 38. Rxg3 Re5 39. Rg5 b5 40. axb5 axb5 41. Kf3 bxc4 42. bxc4 1-0

[Event "Moscow RUS"]
[Site "?"]
[Date "1996.??.??"]
[Round "8"]
[White "Aleksandrov Aleksej"]
[Black "Malaniuk Vladimir P"]
[Result "1/2-1/2"]
[WhiteElo "2535"]
[BlackElo "2585"]
[PlyCount "96"]
[EventDate "1996.??.??"]
[Source "www.chesslib.no"]
[SourceDate "2004.05.04"]

1. d4 f5 2. g3 Nf6 3. Bg2 d6 4. d5 c6 5. c4 e5 6. dxe6 Bxe6 7. Qc2 g6 8. Nh3 Bg7 9. O-O Na6 10. a3 O-O 11. Nd2 Qe7 12. Rd1 Bf7 13. Nb3 h6 14. Na5 Rfe8 15. Bd2 Ne4 16. Be1 Rac8 17. Rac1 b6 18. Nb3 c5 19. Nd2 Nf6 20. Nf1 Nc7 21. Bc3 Qxe2 22. Qxe2 Rxe2 23. Nf4 Re7 24. Rxd6 Nce8 25. Rd3 g5 26. Nd5 Nxd5 27. Bxd5 Bxc3 28. Rcxc3 Bxd5 29. Rxd5 Ng7 30. Re3 Rce8 31. b4 cxb4 32. axb4 f4 33. gxf4 gxf4 34. Rxe7 Rxe7 35. Kg2 Re1 36. Nd2 Ne6 37. Nf3 Re4 38. Nd2 Re1 39. Nf3 Re4 40. Ne5 Kg7 41. h4 Kf6 42. Ng4+ Ke7 43. Ne5 Kf6 44. Ng4+ Ke7 45. Nxh6 Rxc4 46. Rf5 f3+ 47. Rxf3 Nf4+ 48. Kg3 Ne2+ 1/2-1/2

[Event "RUS-Cup2"]
[Site "Moscow"]
[Date "1996.??.??"]
[Round "6"]
[White "Burmakin, Vladimir"]
[Black "Malaniuk, Vladimir P"]
[Result "0-1"]
[WhiteElo "2505"]
[BlackElo "2610"]
[PlyCount "88"]
[EventDate "1996.11.28"]
[Source "www.chesslib.no"]
[SourceDate "2004.05.04"]

1. d4 f5 2. g3 Nf6 3. Bg2 g6 4. c4 Bg7 5. Nh3 Nc6 6. Nf4 d6 7. d5 Ne5 8. h4 O-O 9. Qc2 c6 10. h5 e6 11. hxg6 hxg6 12. dxe6 Qe7 13. Nc3 Bxe6 14. Nxe6 Qxe6 15. b3 d5 16. cxd5 cxd5 17. Bb2 Rac8 18. Qd1 Ne4 19. Nb5 Nf3+ 20. Bxf3 Bxb2 21. Rb1 Bg7 22. e3 Rfd8 23. O-O Qb6 24. Qd3 a6 25. Nd4 Rc3 26. Qd1 Bxd4 27. exd4 Rdc8 28. Rb2 Qf6 29. Kg2 Qg5 30. Qe2 Kg7 31. Rh1 Qf6 32. Rd1 R8c7 33. Rd3 Rc1 34. Rd1 R1c3 35. Rd3 R3c6 36. Bxe4 fxe4 37. Rd1 Rc3 38. Rdd2 Rf3 39. Rbc2 Rf7 40. Rd1 Qg5 41. Rdc1 Qg4 42. Qe1 e3 43. fxe3 Qe4 44. Kh2 Rf1 0-1

[Event "FRA Team Ch"]
[Site "France"]
[Date "1994.??.??"]
[Round "?"]
[White "Lautier, Joel"]
[Black "Koch, Jean-Rene"]
[Result "1-0"]
[WhiteElo "2625"]
[BlackElo "2490"]
[PlyCount "65"]
[EventDate "1994.??.??"]
[Source "www.chesslib.no"]
[SourceDate "2004.05.04"]

1. c4 f5 2. Nc3 Nf6 3. d4 g6 4. g3 Bg7 5. Bg2 O-O 6. Nh3 d6 7. d5 c6 8. O-O Kh8 9. Nf4 e5 10. dxe6 g5 11. Nd3 h6 12. h4 Nh7 13. hxg5 hxg5 14. Qb3 Qc7 15. e4 Bxe6 16. exf5 Bxf5 17. Ne4 Bf6 18. Nxf6 Rxf6 19. Bd2 Re6 20. Rae1 Nd7 21. Rxe6 Bxe6 22. Qc3+ Kg8 23. Re1 Ndf8 24. Qd4 c5 25. Qe4 Rd8 26. Bc3 b6 27. b3 Qf7 28. Qe3 d5 29. Ne5 Qe8 30. cxd5 Bxd5 31. Ng4 Qh5 32. Qe5 Bxg2 33. Qg7# 1-0

[Event "7th Amplico AIG Life"]
[Site "Warsaw POL"]
[Date "2007.12.15"]
[Round "7"]
[White "Drozdovskij, Y."]
[Black "Jakubiec, A."]
[Result "1/2-1/2"]
[WhiteElo "2567"]
[BlackElo "2524"]
[PlyCount "35"]
[EventDate "2007.12.15"]
[Source "www.chesslib.no"]
[SourceDate "2004.05.04"]

1. d4 f5 2. c4 Nf6 3. Nc3 g6 4. g3 Bg7 5. Bg2 O-O 6. Nh3 e6 7. O-O d6 8. b3 c6 9. Bb2 e5 10. dxe5 dxe5 11. Qxd8 Rxd8 12. Rad1 Re8 13. e4 Na6 14. exf5 Bxf5 15. Ng5 Nc5 16. Ba3 Bf8 17. Bxc5 Bxc5 18. Nge4 1/2-1/2

[Event "Tch (Men) 2005/2006 NED"]
[Site "?"]
[Date "2006.04.23"]
[Round "9"]
[White "Lautier Joel"]
[Black "Wiersma Eelke"]
[Result "1/2-1/2"]
[WhiteElo "2682"]
[BlackElo "2409"]
[PlyCount "50"]
[EventDate "2006.??.??"]
[Source "www.chesslib.no"]
[SourceDate "2004.05.04"]

1. d4 f5 2. g3 Nf6 3. Bg2 g6 4. c4 Bg7 5. Nc3 O-O 6. Nh3 d6 7. d5 Na6 8. Nf4 e6 9. dxe6 c6 10. O-O Nc5 11. Qc2 Qe7 12. b3 g5 13. Nh3 h6 14. f4 Ng4 15. fxg5 Qxe6 16. Kh1 Qe5 17. Rf3 hxg5 18. Nxg5 Ne4 19. Ngxe4 fxe4 20. Rxf8+ Kxf8 21. Bd2 Nf2+ 22. Kg1 Nh3+ 23. Kh1 Nf2+ 24. Kg1 Nh3+ 25. Kh1 Nf2+ 1/2-1/2

[Event "Paris Open"]
[Site "Paris FRA"]
[Date "1983.??.??"]
[Round "9"]
[White "Karlsson, Lars C-G"]
[Black "Nunn, John D M"]
[Result "1/2-1/2"]
[WhiteElo "2505"]
[BlackElo "2585"]
[PlyCount "130"]
[EventDate "1983.05.06"]
[Source "www.chesslib.no"]
[SourceDate "2004.05.04"]

1. c4 g6 2. Nc3 Bg7 3. g3 d6 4. Bg2 e5 5. e3 f5 6. Nge2 Nf6 7. d4 O-O 8. b3 Nbd7 9. O-O Kh8 10. a4 Rg8 11. a5 a6 12. Qc2 Nf8 13. Rd1 e4 14. Nf4 Ne6 15. d5 Ng5 16. Bb2 Ng4 17. Nce2 Ne5 18. Nd4 Qe7 19. h4 Ngf7 20. c5 dxc5 21. Nde6 g5 22. Nxg7 Rxg7 23. hxg5 Bd7 24. Rac1 b6 25. d6 cxd6 26. Nd5 Qf8 27. Nxb6 Rd8 28. b4 cxb4 29. Nxd7 Rxd7 30. Qb3 Rxg5 31. Qe6 Re7 32. Rc8 Rxe6 33. Rxf8+ Kg7 34. Ra8 Kh6 35. Rxa6 Nd3 36. Bd4 Nfe5 37. Bxe5 Rxe5 38. Bf1 Rd5 39. Rb6 Rxa5 40. Bxd3 exd3 41. Rxb4 Rd5 42. Rb3 Rg6 43. Rbxd3 Rxd3 44. Rxd3 Re6 45. Kg2 Kg5 46. Kf3 h5 47. Rd5 Rf6 48. Ra5 Rh6 49. Ra4 Rh8 50. Rd4 Rh6 51. Kg2 h4 52. gxh4+ Rxh4 53. Rxd6 Rg4+ 54. Kf3 Ra4 55. Rd4 Ra2 56. Kg3 Kf6 57. Rb4 Rc2 58. Rb6+ Kf7 59. f3 Rc4 60. Rd6 Ra4 61. Rd4 Ra6 62. Rh4 Kg6 63. Kf4 Ra4+ 64. e4 fxe4 65. fxe4 Ra5 1/2-1/2

[Event "MK Cafe Cup-A"]
[Site "Koszalin"]
[Date "1998.08.08"]
[Round "6"]
[White "Maksimenko, Andrei"]
[Black "Malaniuk, Vladimir P"]
[Result "1/2-1/2"]
[WhiteElo "2500"]
[BlackElo "2590"]
[PlyCount "32"]
[EventDate "1998.08.03"]
[Source "ChessBase"]
[SourceDate "1998.09.09"]

1. d4 f5 2. g3 Nf6 3. Bg2 g6 4. c4 Bg7 5. Nc3 d6 6. d5 O-O 7. Nh3 Nbd7 8. Rb1 Rb8 9. O-O Ne5 10. b3 c5 11. Bd2 Ne8 12. Qc2 a6 13. a4 b6 14. Kh1 Nc7 15. f4 Ng4 16. Ng5 Nf6 1/2-1/2

[Event "7th Amplico AIG Life 5th-8th"]
[Site "Warsaw POL"]
[Date "2007.12.16"]
[Round "2"]
[White "Banikas, H."]
[Black "Malaniuk, V."]
[Result "1/2-1/2"]
[WhiteElo "2591"]
[BlackElo "2496"]
[PlyCount "101"]
[EventDate "2007.12.16"]
[Source "www.chesslib.no"]
[SourceDate "2004.05.04"]

1. d4 f5 2. g3 Nf6 3. Bg2 g6 4. c4 Bg7 5. Nc3 O-O 6. Nh3 Nc6 7. O-O d6 8. d5 Ne5 9. b3 c5 10. Qc2 a6 11. a4 b6 12. Bd2 Rb8 13. Rae1 Ne8 14. f4 Nf7 15. e4 Nc7 16. Nf2 e5 17. exf5 Bxf5 18. Be4 Bxe4 19. Ncxe4 exf4 20. Bxf4 b5 21. axb5 axb5 22. Nd3 bxc4 23. bxc4 Qd7 24. Kh1 Rbe8 25. Qg2 Re7 26. Rb1 Ne8 27. Rbe1 Nc7 28. Rb1 Ne8 29. Rfe1 Qa4 30. Rbc1 Qa3 31. Qc2 Rb7 32. Rb1 Rxb1 33. Rxb1 Qa6 34. Rb8 Nf6 35. Rxf8+ Kxf8 36. Nxf6 Bxf6 37. Kg2 Qa1 38. Be3 Qc3 39. Qxc3 Bxc3 40. Bf4 Ke7 41. Nf2 Be5 42. Bd2 Bd4 43. Nd3 Ne5 44. Bg5+ Kf7 45. Nxe5+ Bxe5 46. g4 h5 47. h3 hxg4 48. hxg4 Bf6 49. Bf4 Ke7 50. Kf3 Kd7 51. Ke4 1/2-1/2

[Event "ADCF Masters, Abu Dhabi UAE"]
[Site "?"]
[Date "2001.??.??"]
[Round "3"]
[White "Gleizerov, E."]
[Black "Dzhumaev, M."]
[Result "1/2-1/2"]
[WhiteElo "2585"]
[BlackElo "2495"]
[PlyCount "39"]
[EventDate "2001.??.??"]
[Source "www.chesslib.no"]
[SourceDate "2004.05.04"]

1. d4 f5 2. g3 Nf6 3. Bg2 g6 4. c4 d6 5. Nc3 Bg7 6. d5 c6 7. Nh3 O-O 8. O-O e5 9. dxe6 Bxe6 10. Qb3 Qe7 11. Ng5 Bc8 12. Bf4 Kh8 13. Qa3 Ne8 14. Rad1 Nd7 15. Nf3 Nb6 16. Qb4 c5 17. Qb3 Be6 18. Bg5 Nf6 19. Nd2 Qf7 20. Qc2 1/2-1/2

[Event "AUT-chT 9899"]
[Site "AUT"]
[Date "1999.??.??"]
[Round "?"]
[White "Lukacs, Peter"]
[Black "Lutz, Christopher"]
[Result "1/2-1/2"]
[WhiteElo "2467"]
[BlackElo "2610"]
[PlyCount "78"]
[EventDate "1998.??.??"]
[Source "ChessBase"]
[SourceDate "1999.04.01"]

1. d4 f5 2. g3 Nf6 3. Bg2 g6 4. c4 Bg7 5. Nc3 O-O 6. Nf3 d6 7. d5 Na6 8. O-O Qe8 9. Rb1 Bd7 10. b4 c6 11. dxc6 bxc6 12. a3 Nc7 13. Bb2 Ne6 14. e3 Nd8 15. c5 d5 16. Ne5 Nf7 17. Ne2 Ne4 18. f4 Nxe5 19. Bxe5 Bxe5 20. fxe5 Ng5 21. Nf4 e6 22. Qd2 Nf7 23. Qc3 Qb8 24. Nd3 a5 25. a4 axb4 26. Rxb4 Qc7 27. Ra1 Qa5 28. Qd4 Ra7 29. Rab1 Bc8 30. Rb6 Qxa4 31. Qxa4 Rxa4 32. Rxc6 Ra3 33. Bf1 Rxd3 34. Bxd3 Nxe5 35. Rc7 Nxd3 36. Rb8 Ba6 37. Rb6 Bc8 38. Rb8 Ba6 39. Rb6 Bc8 1/2-1/2

[Event "Lenk Open"]
[Site "Lenk SUI"]
[Date "1995.??.??"]
[Round "4"]
[White "Gheorghiu, Florin"]
[Black "Gavrikov, Viktor N"]
[Result "1/2-1/2"]
[WhiteElo "2475"]
[BlackElo "2600"]
[PlyCount "49"]
[EventDate "1995.??.??"]
[Source "www.chesslib.no"]
[SourceDate "2004.05.04"]

1. d4 f5 2. g3 Nf6 3. Bg2 g6 4. c4 Bg7 5. Nc3 O-O 6. Nh3 d6 7. d5 Na6 8. O-O Nc5 9. Be3 e5 10. dxe6 Nxe6 11. Nf4 c6 12. Rc1 Nc5 13. Nd3 Nce4 14. Bd4 Qe7 15. b3 Bd7 16. e3 g5 17. Ne2 a5 18. c5 dxc5 19. Nxc5 Nd6 20. Na4 Be6 21. Bc5 Rfd8 22. Bb6 Re8 23. Bc5 Red8 24. Bb6 Re8 25. Bc5 1/2-1/2

[Event "Synthesia Rapid Open"]
[Site "Pardubice CEC"]
[Date "2007.07.19"]
[Round "7"]
[White "Stocek, J."]
[Black "Vasiukov, E."]
[Result "1-0"]
[WhiteElo "2572"]
[BlackElo "2486"]
[PlyCount "115"]
[EventDate "2007.07.18"]
[Source "www.chesslib.no"]
[SourceDate "2004.05.04"]

1. d4 f5 2. g3 Nf6 3. Bg2 g6 4. c4 Bg7 5. Nc3 O-O 6. Nh3 d6 7. d5 c6 8. Nf4 e5 9. dxe6 Na6 10. O-O Nc5 11. Qc2 Nxe6 12. Rd1 Qe7 13. b3 Nc5 14. e3 g5 15. Nfe2 Bd7 16. Bb2 Rad8 17. Re1 a5 18. Rad1 Bc8 19. a3 Rde8 20. b4 axb4 21. axb4 Nce4 22. Nxe4 fxe4 23. h3 h5 24. b5 Rd8 25. Qd2 Bd7 26. Nd4 Kh8 27. Ra1 Qf7 28. Rec1 Rb8 29. Ra7 Qe8 30. Bc3 Rf7 31. Rca1 d5 32. bxc6 bxc6 33. cxd5 Nxd5 34. Rc1 Rc8 35. Ne2 Nxc3 36. Nxc3 Bf5 37. Rxf7 Qxf7 38. Nxe4 Bxe4 39. Bxe4 c5 40. Bd5 Qd7 41. Qa2 Qd6 42. Qc4 Bf6 43. Bf3 h4 44. g4 Be7 45. Rd1 Qf6 46. Be4 Rf8 47. Bf5 Kg7 48. Rd7 Qe5 49. Kg2 Rd8 50. Rxd8 Bxd8 51. Qa6 Bc7 52. Qg6+ Kf8 53. Qxg5 Qh2+ 54. Kf1 Qxh3+ 55. Ke2 Qh1 56. Qf6+ Ke8 57. Qe6+ Kf8 58. Qc8+ 1-0

[Event "Commonwealth Ch"]
[Site "Mumbai"]
[Date "2003.04.24"]
[Round "7"]
[White "Sorokin, Maxim"]
[Black "Dzhumaev, Marat"]
[Result "1/2-1/2"]
[WhiteElo "2560"]
[BlackElo "2495"]
[PlyCount "83"]
[EventDate "2003.04.20"]
[Source "Roberto Alvarez"]
[SourceDate "2003.04.28"]

1. d4 f5 2. g3 Nf6 3. Bg2 g6 4. c4 Bg7 5. Nc3 d6 6. d5 O-O 7. Nh3 Nbd7 8. O-O Ne5 9. b3 c6 10. Bb2 Bd7 11. Qd2 cxd5 12. cxd5 b5 13. Nf4 b4 14. Nd1 Qb6 15. Ne3 Nfg4 16. Bd4 Nc4 17. Nxc4 Qxd4 18. Qxb4 a5 19. Qa3 g5 20. Rad1 Qa7 21. Ne6 Bxe6 22. dxe6 f4 23. Bxa8 fxg3 24. Bf3 gxh2+ 25. Kg2 h1=Q+ 26. Kxh1 Nxf2+ 27. Kg2 Nxd1 28. Rxd1 g4 29. Qxa5 gxf3+ 30. exf3 Qb7 31. Qd5 Qa7 32. a4 Rf6 33. Rh1 Qb8 34. Ne3 Qc8 35. Ng4 Rg6 36. Qf5 Bf6 37. a5 Qc3 38. Qb5 Rxg4+ 39. fxg4 Qd2+ 40. Kf3 Qc3+ 41. Ke2 Qb2+ 42. Kf3 1/2-1/2

[Event "DSV-Turnier"]
[Site "Halle"]
[Date "1974.??.??"]
[Round "?"]
[White "Uhlmann, Wolfgang"]
[Black "Paehtz, Thomas Sr"]
[Result "1-0"]
[WhiteElo "2550"]
[BlackElo "2480"]
[PlyCount "68"]
[EventDate "1974.??.??"]
[Source "ChessBase"]

1. c4 f5 2. Nc3 Nf6 3. d4 g6 4. g3 Bg7 5. Bg2 O-O 6. Nh3 d6 7. d5 c5 8. O-O Na6 9. Nf4 Nc7 10. Rb1 Rb8 11. a4 a6 12. b4 cxb4 13. Rxb4 Nd7 14. Bd2 a5 15. Rb1 Ne5 16. Qb3 Na6 17. Nd3 Bd7 18. Nb5 b6 19. Qc2 Qc8 20. Nxe5 Bxe5 21. Na7 Qc5 22. Nc6 Bxc6 23. dxc6 Nb4 24. Qb3 Nxc6 25. Be3 Nd4 26. Qd3 b5 27. Bd5+ Kg7 28. axb5 Bf6 29. Ra1 Qb6 30. Be6 Qc5 31. Rad1 Qe5 32. Bd5 Ne6 33. f4 Qb2 34. Bxe6 a4 1-0

[Event "Ship Yuzhnaya Palmyra"]
[Site "?"]
[Date "2006.08.30"]
[Round "1"]
[White "Drozdovskij Yuri"]
[Black "Palatnik Semon"]
[Result "1-0"]
[WhiteElo "2552"]
[BlackElo "2478"]
[PlyCount "49"]
[EventDate "2006.??.??"]
[Source "www.chesslib.no"]
[SourceDate "2004.05.04"]

1. d4 f5 2. g3 Nf6 3. Bg2 g6 4. c4 Bg7 5. Nc3 O-O 6. Nh3 c6 7. O-O d6 8. d5 e5 9. dxe6 Bxe6 10. Qb3 Qe7 11. Ng5 Bf7 12. Nxf7 Rxf7 13. Rd1 Na6 14. Bf4 Rd8 15. Qa3 Ne8 16. Bxc6 bxc6 17. Qxa6 Bxc3 18. bxc3 Qxe2 19. Qxc6 Nf6 20. Rxd6 Rxd6 21. Bxd6 Ne4 22. Qe8+ Kg7 23. Be5+ Kh6 24. Rf1 Ng5 25. Bg7+ 1-0

[Event "World Juniors, Zagan POL"]
[Site "?"]
[Date "1997.??.??"]
[Round "?"]
[White "Avrukh, B."]
[Black "Zhang, Zhong"]
[Result "0-1"]
[WhiteElo "2550"]
[BlackElo "2475"]
[PlyCount "94"]
[EventDate "1997.??.??"]
[Source "www.chesslib.no"]
[SourceDate "2004.05.04"]

1. d4 f5 2. g3 Nf6 3. Bg2 g6 4. c4 Bg7 5. Nc3 d6 6. Nh3 O-O 7. Bg5 c6 8. Qd2 e5 9. d5 c5 10. f3 Na6 11. Nf2 Bd7 12. e4 Rf7 13. O-O Qf8 14. Rae1 Nc7 15. a4 b6 16. b3 Kh8 17. f4 Re8 18. fxe5 dxe5 19. Bh3 h6 20. exf5 gxf5 21. Bh4 Qd6 22. Nd3 Nh7 23. g4 Qg6 24. Kh1 f4 25. Ne4 f3 26. Ndf2 h5 27. Rg1 Rg8 28. Qd3 Rf4 29. Bg3 Rxg4 30. Bxg4 hxg4 31. d6 Na6 32. Nc3 Bf5 33. Qd2 Qe6 34. Qd5 Qg6 35. Bxe5 Nf6 36. Qd2 Nb4 37. Qf4 Nc2 38. Rd1 Nd4 39. Rxd4 cxd4 40. Qxd4 Re8 41. Ncd1 Kh7 42. b4 Ne4 43. d7 g3 44. Rxg3 Nxg3+ 45. hxg3 Bxd7 46. Bxg7 Qxg3 47. Qd3+ Kg8 0-1

[Event "Bern Cup"]
[Site "Bern"]
[Date "1996.??.??"]
[Round "1"]
[White "Pelletier, Yannick"]
[Black "Kindermann, Stefan"]
[Result "1/2-1/2"]
[WhiteElo "2450"]
[BlackElo "2575"]
[PlyCount "93"]
[EventDate "1996.??.??"]
[Source "ChessBase"]

1. d4 f5 2. g3 Nf6 3. Bg2 g6 4. c4 Bg7 5. Nc3 d6 6. Nh3 O-O 7. d5 Nbd7 8. O-O Nc5 9. Qc2 e5 10. dxe6 c6 11. Rd1 Qe7 12. b3 Bxe6 13. Ng5 Bd7 14. Bb2 Ng4 15. Nf3 f4 16. b4 fxg3 17. hxg3 Bf5 18. Qd2 Nxf2 19. bxc5 Nxd1 20. Nxd1 dxc5 21. Bxg7 Qxg7 22. Qc3 Rad8 23. Qxg7+ Kxg7 24. Ne3 Bc8 25. Rc1 Rfe8 26. Kf2 h5 27. Rc2 Re7 28. Rc3 Kf6 29. Rd3 Rxd3 30. exd3 Bf5 31. Nxf5 Kxf5 32. Nh4+ Kf6 33. Be4 g5 34. Nf3 Re8 35. a4 a5 36. Nd2 Re6 37. Nb3 b6 38. Nd2 g4 39. Nf1 Ke5 40. Ke3 Rf6 41. Bg2 Rh6 42. Be4 Rd6 43. Nd2 Rf6 44. Bg2 Rh6 45. Nf1 Kd6 46. Nd2 Ke5 47. Nf1 1/2-1/2

[Event "YUG-ch"]
[Site "?"]
[Date "1978.01.25"]
[Round "5"]
[White "Ivkov Borislav"]
[Black "Kovacevic Vlatko"]
[Result "1/2-1/2"]
[WhiteElo "2515"]
[BlackElo "2505"]
[PlyCount "36"]
[EventDate "1978.??.??"]
[Source "www.chesslib.no"]
[SourceDate "2004.05.04"]

1. d4 f5 2. g3 Nf6 3. Bg2 g6 4. c4 Bg7 5. Nc3 d6 6. d5 O-O 7. Nh3 Nbd7 8. Nf4 Nc5 9. O-O e5 10. dxe6 c6 11. Be3 Nxe6 12. Nxe6 Bxe6 13. b3 Rf7 14. Rc1 Rd7 15. Bd4 d5 16. c5 Ne4 17. e3 Nxc3 18. Rxc3 a5 1/2-1/2

[Event "Baku"]
[Site "Baku"]
[Date "1988.??.??"]
[Round "?"]
[White "Dizdar, Goran"]
[Black "Malaniuk, Vladimir P"]
[Result "0-1"]
[WhiteElo "2500"]
[BlackElo "2520"]
[PlyCount "88"]
[EventDate "1988.10.??"]
[Source "ChessBase"]

1. d4 f5 2. g3 Nf6 3. Bg2 g6 4. c4 Bg7 5. Nc3 O-O 6. Nh3 Nc6 7. Nf4 d6 8. O-O e5 9. dxe5 dxe5 10. Bxc6 bxc6 11. Qxd8 Rxd8 12. Nd3 Nd7 13. Nb4 Bb7 14. Bg5 Re8 15. Rad1 Nb6 16. c5 Nc4 17. Rd7 a5 18. Nc2 e4 19. Rxc7 Ba6 20. Rxc6 Rec8 21. Rxc8+ Rxc8 22. Bc1 Rxc5 23. Ne3 Nxb2 24. Bxb2 Bxc3 25. Rc1 Bd4 26. Rxc5 Bxc5 27. Kf1 Kf7 28. Ke1 Ke6 29. Bc3 a4 30. Kd2 g5 31. f3 f4 32. gxf4 gxf4 33. Nc2 e3+ 34. Kd1 Bc4 35. Bb4 Bb6 36. Ne1 Bxa2 37. Nd3 Bc7 38. Kc2 Bb3+ 39. Kc3 Bd1 40. Nc5+ Kd5 41. Kd3 Bd6 42. Na6 Bxe2+ 43. Kxe2 Bxb4 44. Nxb4+ Kc4 0-1

[Event "ch III"]
[Site "ch III Novi Sad"]
[Date "1995.??.??"]
[Round "?"]
[White "Nikolic, Zivoslav"]
[Black "Mozetic, Dejan"]
[Result "1/2-1/2"]
[WhiteElo "2480"]
[BlackElo "2540"]
[PlyCount "68"]
[EventDate "1995.??.??"]
[Source "www.chesslib.no"]
[SourceDate "2004.05.04"]

1. g3 g6 2. Bg2 Bg7 3. c4 d6 4. Nc3 e5 5. e3 f5 6. Nge2 Nf6 7. d4 O-O 8. O-O c6 9. b3 Na6 10. Ba3 e4 11. b4 Nc7 12. d5 cxd5 13. cxd5 b5 14. Nd4 Bb7 15. Ne6 Nxe6 16. dxe6 a6 17. Qb3 Qe7 18. Bb2 Rfe8 19. a4 bxa4 20. Rxa4 Qxe6 21. Qxe6+ Rxe6 22. Ne2 Bc6 23. Ra5 Bb5 24. Nd4 Re5 25. Bc3 Rb8 26. Rb1 Rd8 27. Rb3 Bc4 28. Ne6 Bf1 29. Ra4 Rf8 30. Nc7 Ne8 31. Rxa6 Rf6 32. Kh1 Ra5 33. Rb1 Rf7 34. Rxa5 f4 1/2-1/2

[Event "JUG Ch"]
[Site "Novi Sad YUG"]
[Date "1995.??.??"]
[Round "?"]
[White "Nikolic, Zivoslav"]
[Black "Mozetic, Dejan"]
[Result "1/2-1/2"]
[WhiteElo "2480"]
[BlackElo "2540"]
[PlyCount "68"]
[EventDate "1995.02.??"]
[Source "www.chesslib.no"]
[SourceDate "2004.05.04"]

1. g3 g6 2. Bg2 Bg7 3. c4 d6 4. Nc3 e5 5. e3 f5 6. Nge2 Nf6 7. d4 O-O 8. O-O c6 9. b3 Na6 10. Ba3 e4 11. b4 Nc7 12. d5 cxd5 13. cxd5 b5 14. Nd4 Bb7 15. Ne6 Nxe6 16. dxe6 a6 17. Qb3 Qe7 18. Bb2 Rfe8 19. a4 bxa4 20. Rxa4 Qxe6 21. Qxe6+ Rxe6 22. Ne2 Bc6 23. Ra5 Bb5 24. Nd4 Re5 25. Rfa1 Rb8 26. Nxb5 Rexb5 27. Rxa6 Rxb4 28. Ba3 Rb1+ 29. Rxb1 Rxb1+ 30. Bf1 Ng4 31. Bxd6 Nxh2 32. Kxh2 Rxf1 33. Ra8+ Kf7 34. Ra7+ Ke6 1/2-1/2